Kent A-Z - Statistics

General Stats
  • This quiz has been taken 87 times
    58 since last reset
  • The average score is 13 of 25
Answer Stats
Hint Answer % Correct
C City; archbishopric; pilgrimage destination Canterbury
100%
D Famous for its white cliffs Dover
100%
E Train service that crosses Kent en-route to France Eurostar
89%
F Seaside town home to one end of the Channel Tunnel Folkestone
87%
O Scientific landmark in Greenwich Royal {Observatory}
85%
L Who the RAF fought in the skies over Kent in 1940 Luftwaffe
81%
G Nickname referring to the county's agriculture and greenery Garden of England
79%
I What Thanet used to be Island
77%
M Large river that empties into the Thames estuary Medway
75%
P Native American woman buried at Gravesend Pocahontas
74%
S Island captured by the Dutch in 1667 Sheppey
68%
B Archbishop of C who was assassinated in 1170 Thomas Becket
57%
N The UK's oldest brewery in Faversham Shepherd {Neame}
55%
J Germanic people who settled in the 400s Jutes
53%
K Demonym for those from west of the M Kentishman / Kentishmaid
38%
W Symbol of the county; depicted on its flag White horse
36%
R Wetland area in the south; known for smuggling Romney Marsh
34%
T Rebellion leader who marched from C to London in 1381 Wat Tyler
30%
Q Port town on S Queenborough
26%
Y Village with a name that sounds like a miniature York Yorkletts
19%
H Legendary founders of the Kingdom of Kent Hengest | Horsa
11%
U Naval fort on the M near Chatham Upnor Castle
11%
V British king H were said to have defeated in battle Vortigern
9%
A Village famous for its 19th-century gang of smugglers Aldington
4%
Z Racing driver who inspired Chitty Chitty Bang Bang Louis Zborowski
4%
No matching quizzes found
Score Distribution
Percent of People with Each Score
Percentile by Number Answered
Your Score History
You have not taken this quiz since the last reset